| 000 | 00575nam a2200193 4500 | ||
|---|---|---|---|
| 001 | 123988 | ||
| 003 | ES-MaACL | ||
| 005 | 20250808002443.0 | ||
| 007 | t| | ||
| 008 | 070214s1966 sp r ||||1| spa d | ||
| 100 | 1 |
_aRamsey, Arthur Michael _cArzobispo de Canterbury. _995380 |
|
| 245 | 1 | 0 |
_aIntroducción a la fé / _cArthur Michael Ramsey. |
| 260 |
_aMadrid : _bMester, _c1966. |
||
| 300 |
_a88 p. ; _c20 cm. |
||
| 490 | 1 |
_aHombre nuevo ; _v1 |
|
| 830 | 0 | 3 |
_aEl hombre nuevo _v1 _9182265 |
| 852 |
_aES-MaACL _jC-32105 _bR.62849 |
||
| 999 |
_c123988 _d123988 |
||